=LDR 00000nam 2200000 4500 =001 INLIS000000000006899 =005 20251117021306 =035 ##$$a 0010-1125000773 =007 ta =008 251117###########################0#ind## =082 ##$$a 362.82 =084 ##$$a 362.82 BAD k =245 1#$$a Kesejahteraan Ibu, Langkah Menuju Kesejahteraan Keluarga : $b - /$c Badan Koordinasi Keluarga Berencana Nasional =260 ##$:$b Badan Koordinasi Keluarga Berencana Nasional,$c 1991 =300 ##$$a 14 hal : $b - ; $c 21 cm =650 #4$$a Keluarga Berencana =110 #$$a Badan Koordinasi Keluarga Berencana Nasional =856 ##$$a Perpustakaan Kemendukbangga